000 02285nam a2200397 a 4500
001 00003830
003 DO-SdBNP
005 20180312083415.0
007 00003830
008 091118s2014 dr abc 000 0 spa d
020 _a9789945118407
040 _aBPMSU
_bspa
_cBPMSU
092 _a373.83
_bA452s 2do. 2014
100 1 _aAlmonte Ysiano, Ana Iris
245 1 0 _aSociedad 2 ; historia y geografía de América :
_beducación media /
_cAna Iris Almonte Ysiano, Eric Castro Ricart ; editores Fanny Capellán Almonte, Eric Castro Ricart ; dirección editorial Obdulia García de Escobar.
260 _aSanto Domingo :
_bSantillana,
_c2014.
300 _a295 p. :
_bil., mapas., retrs. ;
_c28 cm.
490 1 _aInnova
500 _aEducación media/2do. grado/1er. ciclo/Segundo de bachillerato
505 0 _tBloque 1.
_t1. América Precolombina -- 2. Antecedentes del descubrimiento
_tBloque 2.
_t3. Descubrimiento y conquista -- 4. La colonización en América -- 5. El ocaso del dominio español --
_tBloque 3.
_t6. América independiente -- 7. Vida republicana en América -- 8. Expansión de los Estados Unidos --
_tBloque 4.
_t9.Los inicios del siglo XX -- 10. América a mitad del siglo XX -- 11. América: últimas décadas del siglo XX
_tBloque 5.
_t12. América: localización y límites -- 13. América: geología y relieve -- 14. América: hidrografía -- 15. América: climas
_tBloque 6.
_t16. Organización del espacio -- 17. La población de América -- 18. América: recursos naturales -- 19. América: sectores primario y secundario -- 20. Servicios y ciudades.
650 4 _aCIENCIAS SOCIALES
_xEDUCACIÓN SECUNDARIA
650 4 _aCIENCIAS SOCIALES
_xENSEÑANZA SECUNDARIA
650 4 _aEDUCACIÓN SECUNDARIA
_zREPÚBLICA DOMINICANA
650 4 _aCIENCIAS SOCIALES
_xLIBROS DE TEXTOS
650 4 _aCIENCIAS SOCIALES
_xESTUDIOS Y EJERCICIOS
700 1 2 _aCastro Ricart, Eric
700 1 2 _aCapellán Almonte, Fanny,
_eed.
700 1 2 _aGarcía de Escobar, Obdulia,
_eed.
700 1 2 _aLlibre, Claudia
_eed.
830 0 _aInnova
910 _aValidado. Control de calidad MFF
942 _2ddc
_cBK
945 _aRemanejado para la BNPHU / 2018 BT
956 _aVMATEO
_b10
_c20150708
_lBPMSU
_h00151
956 _aLOPEREZ
_b10
_c20160407
_lBPMSU
_h0041
999 _c9608
_d9608